00633nam a2200169Ia 4500008004100000020001800041041000800059082001700067100002300084245009500107250000600202260006500208300001300273650002500286999001900311952013300330210716s2017 xx 000 0 und d a9789352135462 aeng a005.368 BRIY aBrikman, Yevgeniy. aTerraform up and running: writing infrastructure as code.bWriting infrastructure as code. a1 aNew DelhibShroff Publishers and Distributors Pvt Ltdc2017 axvii,184 aSoftware Engineering c195957d195957 001040708MCAaAIMITbAIMITeShroff Publishersg550.00l0o005.368 BRIYpMCA15470r2026-05-23 00:00:00v412.50w2021-07-16yBK